000 00619nam a2200229Ia 4500
003 OSt
005 20221007063345.0
006 a|||||r|||| 00| 0
007 ta
008 221006b |||||||| |||| 00| 0 eng d
024 _a17,612
037 _cTextual
040 _aFLL
_cFLL
_beng
041 _2eng
_aeng
082 _aX9W:8.2z7, L1;1
100 _aNigam Raj K.
245 0 _aManagement of public sector in India
260 _aBombay
_bVora & Co. Publishers Pvt. Ltd. India
_c1971
300 _a333p
_ccm.
942 _hX9W:8.2z7, L1;1
_cTEXL
_2CC
999 _c1131051
_d1131051